00514nam a2200145 a 450000100100000000500170001000800410002704000250006824500470009326000770014030000200021704900090023795201050024699900170035100002898420200930055246.0110413s1986 dr 000 0 spa d aDO-SdBNPbspacBNPHU03aLa coyuntura socio-económica dominicana. aSanto Domingo :bCentro Dominicano de Estudios de la Educación,c1986. a10 p. ;c29 cm. aBNPD 0010718PDaPDbPDcCTd2011-04-13iLF1l0o p28984-10r2020-06-25w2020-06-25yLFPDZNo se presta c28476d28476